Combinatorial analysis / (Record no. 70241)
[ view plain ]
| 000 -LEADER | |
|---|---|
| fixed length control field | 00924nam a2200265 a 4500 |
| 001 - CONTROL NUMBER | |
| control field | 70241 |
| 003 - CONTROL NUMBER IDENTIFIER | |
| rucl marc code | BD-RjUL |
| 005 - DATE AND TIME OF LATEST TRANSACTION | |
| control field | 20211209081958.0 |
| 008 - FIXED-LENGTH DATA ELEMENTS--GENERAL INFORMATION | |
| fixed length control field | 170416s1960 us a 101 0 eng d |
| 035 ## - SYSTEM CONTROL NUMBER | |
| System control number | (BD-RjUL)70455 |
| 040 ## - CATALOGING SOURCE | |
| Original cataloging agency | BD-RjUL |
| Language of cataloging | eng |
| Transcribing agency | BD-RjUL |
| Modifying agency | BD-RjUL |
| 041 ## - LANGUAGE CODE | |
| Language code of text/sound track or separate title | eng |
| 082 ## - DEWEY DECIMAL CLASSIFICATION NUMBER | |
| Edition number | 23 |
| Classification number | 511.6 |
| Author mark and year | COM 1960 |
| 245 10 - TITLE STATEMENT | |
| Title | Combinatorial analysis / |
| Statement of responsibility, etc. | Richard Bellman and Marshall Hall, editors |
| 260 ## - PUBLICATION, DISTRIBUTION, ETC. (IMPRINT) | |
| Place of publication, distribution, etc. | Providence, R.I : |
| Name of publisher, distributor, etc. | American Mathematical Society, |
| Date of publication, distribution, etc. | 1960. |
| 300 ## - PHYSICAL DESCRIPTION | |
| Pagination | vi, 311 p. : |
| Illustrations | ill. ; |
| Size | 26 cm. |
| 490 1# - SERIES STATEMENT | |
| Series statement | Proceedings of symposia in applied mathematics ; |
| Volume/sequential designation | v.10 |
| 500 ## - GENERAL NOTE | |
| General note | Includes index |
| 650 #0 - SUBJECT ADDED ENTRY--TOPICAL TERM | |
| Topical term or geographic name as entry element | Combinatorial analysis. |
| 9 (RLIN) | 208019 |
| 700 1# - ADDED ENTRY--PERSONAL NAME | |
| Personal name | Bellman, Richard, |
| Dates associated with a name | 1920-1984 |
| Personal name | Hall, Marshall, |
| Dates associated with a name | 1910-1990 |
| 710 2# - ADDED ENTRY--CORPORATE NAME | |
| Corporate name or jurisdiction name as entry element | American Mathematical Society. |
| 9 (RLIN) | 151389 |
| 830 #0 - SERIES ADDED ENTRY--UNIFORM TITLE | |
| Uniform title | Proceedings of symposia in applied mathematics ; |
| Volume number/sequential designation | v.10 |
| 942 ## - ADDED ENTRY ELEMENTS (KOHA) | |
| Source of classification or shelving scheme | Dewey Decimal Classification |
| Koha item type | Books |
| Lost status | Source of classification or shelving scheme | Damaged status | Not for loan | Collection code | Permanent Location | Current Location | Shelving location | Date acquired | Source of acquisition | Cost, normal purchase price | Total Checkouts | Full call number | Date last seen | Copy number | Koha item type |
|---|---|---|---|---|---|---|---|---|---|---|---|---|---|---|---|
| Dewey Decimal Classification | Not For Loan | Non-fiction | Central Library, University of Rajshahi | Central Library, University of Rajshahi | Reading Room | 20/07/1963 | Zeithinger | 0.00 | 511.6 COM 1960 | 16/04/2017 | C-1 | Books |